| 000 | 00522nam a2200181 i 4500 | ||
|---|---|---|---|
| 001 | 16442 | ||
| 003 | ES-MaACL | ||
| 007 | t| | ||
| 008 | 000921s1836 fr ||||1| eng d | ||
| 080 | _a908.494 | ||
| 080 | _a821.111(73)-992"18" | ||
| 100 | 1 |
_aCooper, James Fenimore. _940390 |
|
| 245 | 1 | 0 |
_aExcursions in Switzerland / _cby J. Fenimore Cooper. |
| 260 |
_aParis : _bA. and. W. Galignani, _c1836. |
||
| 300 |
_aVIII, 323 p. ; _c22 cm. |
||
| 651 | 4 |
_aSuiza- _xDescripción. _99416 |
|
| 852 |
_aES-MaACL _jG-2138 _bR.124520 |
||
| 999 |
_c16442 _d16442 |
||